Best FBS CFB teams since 2020 by wins - Statistics

General Stats
  • This quiz has been taken 51 times
  • The average score is 26 of 50
Answer Stats
Hint Answer % Correct
69 Alabama
96%
73 Georgia
96%
45 Ohio
96%
66 Ohio st
91%
59 Michigan
87%
55 Texas
87%
62 Oregon
84%
50 Miami
82%
64 Notre Dame
82%
48 Texas A&M
80%
57 Clemson
78%
44 USC
78%
52 Oklahoma
76%
47 LSU
73%
46 Texas Tech
73%
47 Washington
71%
51 Boise st
67%
47 TCU
64%
42 Indiana
62%
57 Ole Miss
62%
52 Penn st
62%
57 BYU
60%
51 Iowa
58%
46 Missouri
56%
53 SMU
53%
46 Iowa st
51%
46 Kansas st
51%
47 Utah
51%
41 Oklahoma St
49%
51 Tulane
47%
43 Minnesota
44%
49 Army
38%
46 Louisville
38%
46 Cincinnati
36%
44 Pittsburgh
31%
47 Toledo
31%
51 Louisiana
29%
48 NC state
29%
41 Air Force
27%
51 Coastal Carolina
27%
47 Fresno St
27%
50 Memphis
24%
53 UTSA
22%
42 Miami (OH)
20%
51 Liberty
18%
44 Marshall
16%
48 Tennesee
16%
44 App St
7%
41 Houstoun
0%
48 WKU
0%
No matching quizzes found
Score Distribution
Percent of People with Each Score
Percentile by Number Answered
Your Score History
You have not taken this quiz